EM Sieger (Fußballer) - Sudden Death - Statistiken

Allgemein
  • Dieses Quiz wurde 229 mal gespielt
  • Das Durchschnittsergebnis liegt bei 9 aus 27
Answers on the Grid
Answers color-coded by a green-red scale on the quiz's grid according to % correct below.
Iker Casillas
Lothar Matthäus
Andrés Iniesta
Xavi
Cristiano Ronaldo
Sergio Ramos
Jürgen Klinsmann
Franz Beckenbauer
Uli Hoeneß
Sepp Maier
Lev Yashin
Lilian Thuram
Xabi Alonso
Thierry Henry
Marcel Desailly
Patrick Vieira
Alessandro Bastoni
Lamine Yamal
Gerard Piqué
Oliver Kahn
Pepe
Marco van Basten
Antonín Panenka
Ruud Gullit
Jorginho
Gianluigi Donnarumma
Zinédine Zidane
Dennis Bergkamp
Paul Pogba
Philipp Lahm
Bastian Schweinsteiger
Miroslav Klose
Jens Lehmann
Bukayo Saka
Paolo Maldini
Francesco Totti
Declan Rice
Manuel Neuer
Joshua Kimmich
Kylian Mbappe
Gianluigi Buffon
Luka Modric
Frank Lampard
Ronaldinho
Lionel Messi
Ousmane Dembélé
David Beckham
Johan Cruyff
 
Antwortstatistiken
Antwort % Korrekt
Xavi
52%
Iker Casillas
51%
Sergio Ramos
50%
Andrés Iniesta
48%
Cristiano Ronaldo
47%
Gerard Piqué
46%
Lamine Yamal
46%
Xabi Alonso
45%
Gianluigi Donnarumma
41%
Pepe
41%
Franz Beckenbauer
35%
Zinédine Zidane
33%
Jorginho
32%
Lilian Thuram
32%
Jürgen Klinsmann
29%
Thierry Henry
29%
Ruud Gullit
27%
Marco van Basten
26%
Patrick Vieira
25%
Lothar Matthäus
24%
Alessandro Bastoni
23%
Marcel Desailly
23%
Uli Hoeneß
22%
Sepp Maier
21%
Oliver Kahn
15%
Antonín Panenka
11%
Lev Yashin
11%
Keine übereinstimmenden Quizze gefunden
Verteilung der Resultate
Anzahl Personen mit jedem Resultat
Perzentil nach korrekt beantworteten Fragen
Ihre Resultats-Entwicklung
Sie haben dieses Quiz noch nicht gespielt